Random United States Tourist Attractions - Statistics

General Stats
  • This quiz has been taken 135 times
    101 since last reset
  • The average score is 9 of 15
Answers on the Map
Answers color-coded by a green-red scale on the quiz's map according to % correct below.
 
Answer Stats
Answer % Correct
American Gothic House
100%
Area 51
100%
Aspen Ski Resort
100%
Atlantic City Boardwalk
100%
Birthplace of Michael Jackson
100%
Cape Canaveral
100%
Cumberland Falls
100%
Death Valley
100%
Disneyland
100%
Fort Sumter
100%
Four Corners
100%
Georgia Aquarium
100%
Grand Canyon
100%
Hershey's Chocolate World
100%
Houston Space Center
100%
Iditarod Ending, Nome
100%
Jimmy Carter
National Historic Site
100%
Kennedy Memorial
100%
Lake Tahoe
100%
Maui Beaches
100%
Mauna Kea
100%
Mount Washington
100%
Original Wal-Mart
100%
Roswell UFO crash
100%
Saguaro Cacti
100%
Santa Monica Pier
100%
Savannah Historic District
100%
Spokane Riverfront Park
100%
Stone Mountain
100%
Tampa Bay
100%
The Bean
100%
The Keeper of the Plains
100%
Times Square
100%
Wall of Tears, Kaua'i
100%
Falls of the Big Sioux River
83%
Miami Beach
83%
Disneyworld
80%
Pearl Harbor
80%
Big Bend National Park
75%
Gateway Arch
75%
Henry Doorly Zoo
(world's best)
75%
Hoover Dam
75%
Hot Springs National Park
75%
Jackson Hole
75%
Las Vegas Strip
75%
Mayflower II
75%
Nantucket
75%
Portland Head Light
75%
Arctic Circle
71%
Cadillac Ranch
67%
Everglades
67%
Finger Lakes
67%
Hollywood Sign
67%
Indy 500
67%
Key West
67%
Lincoln Tomb
67%
Maryland State House
67%
Mormon Temple
67%
Mount Rushmore
67%
Mount Vernon
67%
National Route 66 Museum
67%
Niagara Falls
67%
Outer Banks
67%
Sequoia National Park
67%
St. Augustine
67%
USS Midway Museum
67%
U.S. Space and Rocket Center
67%
Vicksburg National Military Park
67%
White House
67%
White Sands National Park
67%
Kalamazoo
60%
Zion National Park
60%
Apostle Islands
50%
Battleship Memorial Park
50%
Biggest Ball of Twine
50%
Biltmore Estate, Asheville
50%
Birthplace of Elvis Presley
50%
Cannon Beach
50%
Cape May Lighthouse
50%
Carlsbad Caverns
50%
Chimney Rock
50%
Cumberland Gap
50%
Delicate Arch
50%
Denali
50%
Devils Tower
50%
Green Mountain National Forest
50%
Jamestown
50%
Joshua Tree National Park
50%
Lambeau Field
50%
Liberty Bell
50%
Mall of America
50%
Mount Shasta
50%
Mount St. Helens
50%
New River Gorge Bridge
50%
Olympic National Park
50%
Park City Ski Resorts
50%
Point Barrow / Nuvuk
50%
Pro Football Hall of Fame
50%
Redwood National Park
50%
Rock and Roll Hall of Fame
50%
South Padre Island
50%
Space Needle
50%
Sun Valley Resort City
50%
The Badlands
50%
Theodore Roosevelt N.P.
50%
World's Largest Buffalo
50%
Yale University
50%
Yosemite National Park
50%
Bighorn Battlefield
40%
Branson
40%
Buffalo Bill Museum, Cody
40%
National Cowboy Museum
40%
Winnemucca Sand Dunes
40%
Edgar Allan Poe House
33%
Gettysburg
33%
Glacier National Park
33%
House on the Rock
33%
Isle Royale
33%
Mackinac Island
33%
Mammoth Caves
33%
Mesa Verde
33%
Mount Hood
33%
Multnomah Falls
33%
Sedona
33%
Split Rock Lighthouse
33%
The Breakers
33%
The Parthenon
33%
Tombstone Old West Town
33%
Churchill Downs
25%
Edmund Pettus Bridge
25%
Hearst Castle
25%
Fort Jefferson, Dry Tortugas
20%
Dixville Notch
17%
Acadia National Park
0%
Baseball Hall of Fame
0%
Ben & Jerry's Factory
0%
Big Sky
0%
Big Sur
0%
Black Canyon of the Gunnison
0%
Bourbon Street
0%
Brown University
0%
Carhenge
0%
Cataract Falls
0%
Centralia Ghost Town
0%
Channel Islands
0%
Covered Bridges of
Madison County
0%
Crater Lake
0%
Craters of the Moon
0%
Faneuil Hall
0%
First State Natl. Historic Park
0%
Fort Knox
0%
Garden of the Gods
0%
Golden Gate Bridge
0%
Graceland
0%
Great Smoky Mountains
0%
Harper's Ferry
0%
Hells Canyon
0%
International Peace Garden
0%
Kenai Fjords National Park
0%
Lake Placid Olympic Village
0%
Mark Twain House
0%
Mendenhall Glacier
0%
Monticello Mansion
0%
Monument Valley
0%
Myrtle Beach
0%
National WWI Museum
0%
Peace Arch
0%
Petrified Forest
0%
Pikes Peak Cog Railway
0%
Pittsburgh
0%
Rehoboth Beach
0%
Shoshone Falls
0%
Tallest U.S. Capitol
0%
Taos Pueblo
0%
The Alamo
0%
The Greenbrier
0%
The Henry Ford Museum
0%
U.S. Air Force Museum
0%
Yellowstone National Park
0%
Yuma
0%
No matching quizzes found
Score Distribution
Percent of People with Each Score
Percentile by Number Answered
Your Score History
You have not taken this quiz since the last reset